header

The art & craft of case writing (Record no. 140708)

MARC details
000 -LEADER
fixed length control field 01272nam a22003374a 4500
082 04 - DEWEY DECIMAL CLASSIFICATION NUMBER
Classification number 371.39
100 1# - MAIN ENTRY--AUTHOR NAME
Personal name Naumes, William.
245 14 - TITLE STATEMENT
Title The art & craft of case writing
250 ## - EDITION STATEMENT
Edition statement 2nd ed.
260 ## - PUBLICATION, DISTRIBUTION, ETC. (IMPRINT)
Place of publication Armonk, N.Y. :
Name of publisher M.E. Sharpe,
Year of publication c2006.
300 ## - PHYSICAL DESCRIPTION
Number of Pages xxiii, 271 p.
650 #0 - SUBJECT ADDED ENTRY--TOPICAL TERM
Topical Term Case method.
Topical Term Textbooks
700 1# - ADDED ENTRY--PERSONAL NAME
Personal name Naumes, Margaret J.
856 40 - ELECTRONIC LOCATION AND ACCESS
Uniform Resource Identifier http://site.ebrary.com/lib/rucke/Doc?id=10178139

No items available.

© 2026 Rongo University
Contact us: librarian | system librarian | Rongo university